| 000 | 00938cab a2200265 4500 | ||
|---|---|---|---|
| 001 | ABS59836 | ||
| 008 | 090401t1998 xxu||||| |||| 00| 0 eng d | ||
| 035 | _a(Sirsi) u90315 | ||
| 041 | _aeng | ||
| 100 | _aSt George, C. | ||
| 245 | _aMayor headache | ||
| 260 | _c1998 | ||
| 350 | _a0 | ||
| 490 |
_aEstates Gazette _v9850 12 December 1998, 74-76(3) |
||
| 520 | _aDiscussion of the remit and powers of the Greater London Assembly, and how it wil affect developers. Once elected the GLA and the Mayor will be able to intervene directly in planning applications for large scale developments, if necessary over-ruling decisions by local borough councils. | ||
| 650 | _aCONSULTATION | ||
| 650 | _aDEVELOPMENT INDUSTRY | ||
| 650 | _aGREATER LONDON ASSEMBLY | ||
| 650 | _aPLANNING APPLICATIONS | ||
| 650 | _aPOWERS | ||
| 650 | _aSTRATEGIC SITES | ||
| 690 | _aPLANNING LAW AND PRACTICE | ||
| 942 | _n0 | ||
| 948 | _c15/12/1998 | ||
| 999 |
_c57248 _d57248 |
||